| 000 -NÁVESTIE |
| fixed length control field |
00496nam a2200181 a 4500 |
| 008 - ÚDAJE S PEVNOU DĹŽKOU – VŠEOBECNÉ INFORMÁCIE |
| fixed length control field |
980817s1989 m yCZ 0 cze c |
| 020 ## - MEDZINÁRODNÉ ŠTANDARDNÉ ČÍSLO KNIHY (ISBN) |
| Medzinárodné štandardné číslo knihy (ISBN) |
807046013X |
| Údaje o dostupnosti |
57 |
| 040 ## - ZDROJ KATALOGIZÁCIE |
| Pôvodná katalogizujúca agentúra |
SNK |
| Jazyk katalogizácie |
slo |
| Prepisujúca agentúra |
SNK |
| Konvencie popisu |
AACR2 |
| 041 1# - KÓD JAZYKA |
| Kód jazyka textu/zvukovej stopy alebo samostatných nápisov |
ces |
| 044 ## - KÓD KRAJINY VYDAVATEĽA/PRODUCENTA |
| Kód krajiny MARC |
CZ |
| 080 ## - ČÍSLO MEDZINÁRODNÉHO DESATINNÉHO TRIEDENIA (MDT) |
| Číslo Medzinárodného desatinného triedenia (MDT) |
908.437-25(036) |
| 245 10 - NÁZOV |
| Názov |
Co je co v Praze |
| Údaj o zodpovednosti atď. |
[autor:] Ctibor Rybár a kol. |
| 260 ## - VYDAVATEĽSKÉ ÚDAJE, DISTRIBÚCIA ATĎ. |
| Miesto publikovania, distribúcie atď. |
Praha |
| Názov vydavateľa, distibútora atď. |
Pressfoto |
| Dátum publikovania, distribúcie atď. |
1989 |
| 300 ## - FYZICKÝ POPIS |
| Rozsah |
470, [1] s. |
| Rozmery |
8ř |
| 651 07 - PRIDANÝ VSTUP – PREDMET – GEOGRAFICKÝ NÁZOV |
| Geografický názov |
Praha (Česká republika) |
| Všeobecný pododdiel |
sprievodca |
| Zdroj hesla alebo termínu |
SNK |
| 700 1# - PRIDANÝ VSTUP – OSOBNÉ MENO |
| Osobné meno |
Rybár, Ctibor |
| Kód roly |
aut |
| 958 ## - Formálny deskriptor |
| Formálny deskriptor |
A |